<?xml version="1.0" encoding="UTF-8"?>
<record
    xmlns:xsi="http://www.w3.org/2001/XMLSchema-instance"
    xsi:schemaLocation="http://www.loc.gov/MARC21/slim http://www.loc.gov/standards/marcxml/schema/MARC21slim.xsd"
    xmlns="http://www.loc.gov/MARC21/slim">

  <leader>02080    a2200217   4500</leader>
  <controlfield tag="001">15246</controlfield>
  <controlfield tag="005">20260407155449.0</controlfield>
  <controlfield tag="008">260407a2012    arg                 spa d</controlfield>
  <controlfield tag="003">AR-UNSa-BCEJYS</controlfield>
  <datafield tag="040" ind1=" " ind2=" ">
    <subfield code="a">AR-UNSa-BCEJYS</subfield>
    <subfield code="b">spa</subfield>
    <subfield code="c">AR-UNSa-BCEJYS</subfield>
  </datafield>
  <datafield tag="080" ind1=" " ind2=" ">
    <subfield code="a">330.8</subfield>
    <subfield code="x">Historia de las teor&#xED;as, Doctrinas, Dogmas econ&#xF3;micos (pensamiento econ&#xF3;mico)</subfield>
  </datafield>
  <datafield tag="245" ind1="1" ind2="0">
    <subfield code="a">Econom&#xED;a feminista</subfield>
    <subfield code="p">ensayos sobre el papel de la mujer en la econom&#xED;a, la educaci&#xF3;n y el desarrollo</subfield>
  </datafield>
  <datafield tag="020" ind1=" " ind2=" ">
    <subfield code="a">978-987-1436-66-8</subfield>
  </datafield>
  <datafield tag="264" ind1=" " ind2="1">
    <subfield code="a">C&#xF3;rdoba :</subfield>
    <subfield code="b">Asociaci&#xF3;n Cooperadora de la Facultad de Ciencias Econ&#xF3;micas de la Universidad Nacional de C&#xF3;rdoba.</subfield>
    <subfield code="c">2012</subfield>
  </datafield>
  <datafield tag="300" ind1=" " ind2=" ">
    <subfield code="a">306 p.</subfield>
    <subfield code="c">21 cm.</subfield>
  </datafield>
  <datafield tag="505" ind1=" " ind2=" ">
    <subfield code="a">1. &#xBF;Qu&#xE9; es la econom&#xED;a feminista? - 2. La econom&#xED;a feminista como una nueva forma de pensamiento - 3. Feminizaci&#xF3;n de la educaci&#xF3;n superior en las Ciencias Econ&#xF3;micas: un estudio de casos - 4. Aspectos institucionales del personal investigador en las Ciencias Econ&#xF3;micas y el programa de incentivos docentes - 5. Docentes en Ciencias Econ&#xF3;micas en la Universidad Nacional de La Rioja: an&#xE1;lisis de algunos aspectos cualitativos - 6. &#xBF;Perspectiva de g&#xE9;nero para el presupuesto universitario en Argentina? - 7. Feminizaci&#xF3;n de la matr&#xED;cula y el egreso en la Universidad Nacional de C&#xF3;rdoba - 8. La familia y la mujer rural en el sudeste de la provincia de C&#xF3;rdoba frente a la transformaci&#xF3;n tecnol&#xF3;gica del sector agropecuario - 9. Marketing de g&#xE9;nero: una perspectiva particular - 10. Mujeres micro-emprendedoras en C&#xF3;rdoba: motivaciones y tipolog&#xED;a - 11. Ecofeminismo, activismo y la lucha por la supervivencia de las peque&#xF1;as explotaciones familiares en Canad&#xE1;. El pa&#xED;s del norte frente a la agricultura global y una comparaci&#xF3;n con el caso argentino - 12. &#xBF;Es viable una asociaci&#xF3;n entre desarrollo y g&#xE9;nero? Un estudio aplicado a Canad&#xE1; y Argentina</subfield>
  </datafield>
  <datafield tag="942" ind1=" " ind2=" ">
    <subfield code="c">BK</subfield>
  </datafield>
  <datafield tag="590" ind1=" " ind2=" ">
    <subfield code="a">niveau_biblio:m niveau_hierar:0</subfield>
  </datafield>
  <datafield tag="100" ind1="1" ind2=" ">
    <subfield code="a">Perona, B. Eugenia</subfield>
  </datafield>
  <datafield tag="856" ind1="4" ind2="1">
    <subfield code="u">https://biblioeco.unsa.edu.ar/pmb/images/libros/Economia Feministra-l119021.jpg</subfield>
    <subfield code="y">Imagen de portada</subfield>
    <subfield code="q">image/jpeg</subfield>
  </datafield>
  <datafield tag="999" ind1=" " ind2=" ">
    <subfield code="c">640</subfield>
    <subfield code="d">640</subfield>
  </datafield>
  <datafield tag="952" ind1=" " ind2=" ">
    <subfield code="0">0</subfield>
    <subfield code="1">0</subfield>
    <subfield code="4">0</subfield>
    <subfield code="7">0</subfield>
    <subfield code="a">BCEJYS</subfield>
    <subfield code="b">BCEJYS</subfield>
    <subfield code="c">16</subfield>
    <subfield code="d">2026-04-07</subfield>
    <subfield code="l">0</subfield>
    <subfield code="o">330.8 P453</subfield>
    <subfield code="p">L119021</subfield>
    <subfield code="r">2026-04-07 15:54:49</subfield>
    <subfield code="w">2026-04-07</subfield>
    <subfield code="y">L</subfield>
  </datafield>
</record>
